| 000 | 01603nam a22004097a 4500 | ||
|---|---|---|---|
| 003 | CHAP | ||
| 005 | 20220817043013.0 | ||
| 008 | 971013s1991 r 00010 d | ||
| 010 | _a62435 | ||
| 011 | _a63407 | ||
| 035 | _a67583 | ||
| 040 | _cCHAP | ||
| 082 |
_a338.9 _bS46 |
||
| 100 | 0 | 0 |
_aSepúlveda Silva, Sergio _ecomp. _9104489 |
| 245 | 1 | _aDesarrollo sostenible | |
| 260 |
_aSan José, C.R. : _bIICA, _c199 -19 |
||
| 300 | _av. | ||
| 500 | _aLa biblioteca tiene : v.3 Metodología para el diagnóstico microrregional -- v.5 Agricultura, recursos naturales y desarrollo rural : lecturas seleccionadas -- v.6 Organización social marco institucional y desarrollo rural : lecturas seleccionadas II | ||
| 590 |
_aBATCH-UPD _b10 _c20130110 _lUCH01 _h0559 |
||
| 590 |
_aBATCH-UPD _b10 _c20130410 _lUCH01 _h0240 |
||
| 590 |
_aBATCH-UPD _b10 _c20130913 _lUCH01 _h2219 |
||
| 590 |
_aCONVERSION _b10 _c20130109 _lUCH01 _h1334 |
||
| 650 | 1 | 4 | _aAgricultura sustentable. |
| 650 | 1 | 4 |
_aDesarrollo rural. _932067 |
| 650 | 1 | 4 | _aDesarrollo sustentable. |
| 650 | 1 | 4 |
_aPlaneación regional. _988700 |
| 650 | 1 | 4 |
_aRecursos forestales _xConservación. _995044 |
| 650 | 1 | 4 |
_aRecursos naturales. _995172 |
| 650 | 1 | 4 | _aSistemas de Información Geográfica. |
| 700 | 0 |
_aEdwards, Richard. _935729 |
|
| 700 | 0 |
_aPlaza, Orlando. _989155 |
|
| 901 | _aBK | ||
| 942 | _cLIBRO | ||
| 949 |
_a338.9 S46 _bBC _cLIBRO _d33724000631321 _eLIBRO _fv.6 _h92171 _i67583 _si |
||
| 949 |
_a338.9 S46 _bBC _cLIBRO _d33724000631339 _eLIBRO _fv.5 _h92170 _i67583 _si |
||
| 949 |
_a338.9 S46 _bBC _cLIBRO _d33724000631347 _eLIBRO _fv.3 _h92169 _i67583 _si |
||
| 999 |
_c62435 _d62435 |
||